000 00439nam a2200169Ia 4500
008 230711s9999||||xx |||||||||||||| ||und||
020 _a978-81-317-3266-3
041 _aENG
082 _a621.3804
_bSE-O
100 _aSenior,John.M
245 0 _aOptical Fiber Communications : Principles and Practice
250 _a3rd Ed.
260 _c2013
_aNew Delhi
_bPearson
300 _a1076p.
650 _aElectronics Engineering
942 _cBK
999 _c6627
_d6627